A generációváltás kérdései a családi vállalkozások területén, az utódlás tervezése a Bodzán-Specialtrans Kft-nél

Bibliographic Details
Main Author: Bodzán Lilla
Other Authors: Heidrich Dr. Balázs
Format: Thesis
Kulcsszavak:Generációváltás
utódlás
Családi vállalkozás
Online Access:http://dolgozattar.uni-bge.hu/9095

MARC

LEADER 00000nta a2200000 i 4500
001 dolg9095
005 20161216100420.0
008 161216suuuu hu om 000 hun d
040 |a BGE Dolgozattár Repozitórium  |b hun 
041 |a hu 
100 1 |a Bodzán Lilla 
245 1 2 |a A generációváltás kérdései a családi vállalkozások területén, az utódlás tervezése a Bodzán-Specialtrans Kft-nél  |c Bodzán Lilla  |h [elektronikus dokumentum] 
695 |a Generációváltás  
695 |a utódlás 
695 |a Családi vállalkozás 
700 1 |a Heidrich Dr. Balázs  |e ths 
856 4 0 |u http://dolgozattar.uni-bge.hu/9095/1/Bodz%C3%A1n%20Lilla%20HVUCG0.pdf  |z Dokumentum-elérés